|
|
|
|
| LEADER |
00799nab#a2200289#ar4500 |
| 001 |
000004530 |
| 003 |
SVKKK |
| 005 |
20030902141214.0 |
| 008 |
030902c1996 e sloo |
| FMT |
|
|
|
| 038 |
|
|
|a SVKKK
|
| 040 |
|
|
|a SVKKK
|b slo
|e AACR2
|
| 041 |
0 |
|
|a slo
|
| 080 |
|
|
|a 7.09
|2 1981
|
| 080 |
|
|
|a 885.4-
|2 1981
|
| 100 |
1 |
|
|a Šárik, Ľubomír
|4 aut
|
| 245 |
1 |
0 |
|a Milionárka :
|b Premiera pôvodnej rozhlasovej hry z košického štúdia
|c Šárik Ľubomír,
|
| 260 |
|
|
|c 1996
|
| 650 |
0 |
4 |
|a hry rozhlasové
|z Mačingová, Božena (spisovateľka)
|z Milionárka (rozhlasová hra)
|z Košice
|
| 650 |
0 |
4 |
|a recenzie
|
| 773 |
0 |
|
|t Košický večer
|g Roč. 7, č. 27(1996), dát. 0207, s. 3
|
| 957 |
|
|
|a Košice
|
| 974 |
|
|
|a Cr
|
| 992 |
|
|
|a RBX
|
| BAS |
|
|
|
| 852 |
|
|
|a SVKKK
|b BIB
|
| 998 |
|
|
|a REG
|